[Event "European Youth Chess Championship G18"]
[Site "Prague, Top Hotel Prague"]
[Date "2012.08.24"]
[Round "8.14"]
[White "Galunova, Tsveta"]
[Black "Koselova, Zuzana"]
[Result "0-1"]
[WhiteElo "2091"]
[BlackElo "1912"]
[PlyCount "70"]
[EventDate "2012.08.17"]

1. e4 e5 2. Nf3 Nc6 3. Bc4 Bc5 4. c3 Nf6 5. d3 a6 6. O-O Ba7 7. Nbd2 O-O 8. Re1
d6 9. Bb3 Ng4 10. Re2 Kh8 11. h3 Nh6 12. Nf1 f5 13. Bxh6 gxh6 14. exf5 Bxf5 15.
Bd5 Ne7 16. Bxb7 Rb8 17. Be4 Bxe4 18. dxe4 Rxf3 19. gxf3 Ng6 20. Ne3 Nf4 21.
Kh2 Qh4 22. Qf1 Rg8 23. Rd2 Qg5 24. Re1 Nh5 25. Kh1 Qf4 26. Qe2 Qg5 27. Qf1 Nf4
28. Kh2 h5 29. Qh1 Qh4 30. Qf1 Ng6 31. Qg1 Qf6 32. Nf5 Nh4 33. Qh1 Qg5 34. Rc2
Qf4+ 35. Ng3 Bxf2 0-1

[Event "European Youth Chess Championship G18"]
[Site "Prague, Top Hotel Prague"]
[Date "2012.08.24"]
[Round "8.16"]
[White "Vatkali, Dimitra"]
[Black "Neuhauser, Salome"]
[Result "1-0"]
[WhiteElo "1936"]
[BlackElo "2026"]
[PlyCount "77"]
[EventDate "2012.08.17"]

1. d4 Nf6 2. c4 c5 3. d5 e6 4. Nc3 exd5 5. cxd5 d6 6. g3 g6 7. Bg2 Bg7 8. Nf3
O-O 9. O-O Na6 10. Nd2 Nc7 11. a4 b6 12. Nc4 Ba6 13. Qb3 Qd7 14. Re1 Bxc4 15.
Qxc4 a6 16. e4 b5 17. Qd3 Ng4 18. f4 Bd4+ 19. Be3 Nxe3 20. Rxe3 Rfe8 21. Rae1
b4 22. Nd1 Qxa4 23. Kh1 Bxe3 24. Nxe3 a5 25. Ng4 Kg7 26. f5 h5 27. f6+ Kh7 28.
Ne3 Qd7 29. Qf1 Rh8 30. Qf4 Ne8 31. Qg5 Qd8 32. Rf1 a4 33. Bh3 a3 34. bxa3 bxa3
35. g4 a2 36. gxh5 a1=Q 37. hxg6+ fxg6 38. Qh4+ Kg8 39. Be6+ 1-0

[Event "European Youth Chess Championship G18"]
[Site "Prague, Top Hotel Prague"]
[Date "2012.08.24"]
[Round "8.18"]
[White "Kane, Marta"]
[Black "Nonkovic, Bogdana"]
[Result "0-1"]
[WhiteElo "1787"]
[BlackElo "1950"]
[PlyCount "130"]
[EventDate "2012.08.17"]

1. d4 Nf6 2. Nf3 g6 3. Bg5 Bg7 4. e3 O-O 5. Bd3 d5 6. O-O c5 7. c3 Qb6 8. Qb3
Nc6 9. Nbd2 Qxb3 10. axb3 Nd7 11. Bc2 f6 12. Bh4 b5 13. dxc5 Nxc5 14. Nd4 Nxd4
15. exd4 Nb7 16. Rfe1 Kf7 17. Bg3 Bh6 18. Nf3 a5 19. h3 Bd7 20. Re2 Rfc8 21.
Bd3 a4 22. b4 a3 23. Ra2 Bc1 24. bxa3 Rxc3 25. Rec2 Rac8 26. Ne1 Nd8 27. Rxc3
Rxc3 28. Rc2 Rxc2 29. Nxc2 Ne6 30. Bb8 Bb2 31. Ba7 Nf4 32. Bf1 e5 33. f3 Ne6
34. dxe5 fxe5 35. Kf2 Nf4 36. g4 d4 37. Bc5 d3 38. Ne3 Bxa3 39. Ke1 Be6 40. Kd2
Bc4 41. Nd1 Ne6 42. Bd6 Nd4 43. Bxd3 Ke6 44. Bf8 Nxf3+ 45. Kc3 Bxd3 46. Kxd3
Bc1 47. Nc3 Nd4 48. Bc5 Ba3 49. Bxd4 exd4 50. Kxd4 Bb2 51. Kd3 Bxc3 52. Kxc3
Ke5 53. Kd3 g5 54. Ke3 Kd5 55. Kd3 h6 56. Ke3 Kc4 57. Ke4 Kxb4 58. Kf5 Kc5 59.
Kg6 b4 60. Kxh6 b3 61. Kxg5 b2 62. h4 b1=Q 63. h5 Qh7 64. Kf6 Qh6+ 65. Kf5 Kd6
0-1

[Event "European Youth Chess Championship G18"]
[Site "Prague, Top Hotel Prague"]
[Date "2012.08.24"]
[Round "8.19"]
[White "Tran, My Linh"]
[Black "Steinhauserova, Anna"]
[Result "1-0"]
[WhiteElo "2031"]
[BlackElo "1788"]
[PlyCount "119"]
[EventDate "2012.08.17"]

1. e4 e5 2. Nf3 Nc6 3. Bc4 Nf6 4. d3 Be7 5. c3 d5 6. exd5 Nxd5 7. O-O O-O 8.
Re1 Bg4 9. h3 Bh5 10. Bb3 Nb6 11. Qe2 h6 12. Nbd2 Bd6 13. a4 a6 14. Ne4 Re8 15.
Be3 Qe7 16. Rad1 Rad8 17. Bxb6 cxb6 18. Nxd6 Rxd6 19. Qe3 Qf6 20. g4 Bg6 21. d4
e4 22. Nd2 h5 23. Nc4 Rdd8 24. g5 Qf5 25. Nxb6 h4 26. Kh2 Na5 27. Ba2 Bh5 28.
Ra1 Bf3 29. Nc4 Nxc4 30. Bxc4 Rd6 31. Be2 Ree6 32. Rg1 Rg6 33. Rae1 Rd5 34.
Bxf3 exf3 35. Qe8+ Kh7 36. Rg4 Rxg5 37. Rxh4+ Kg6 38. Rg1 Rxg1 39. Kxg1 Qb1+
40. Kh2 Rg5 41. Rg4 Qf5 42. Qe5 Qxe5+ 43. dxe5 Kf5 44. Rxg5+ Kxg5 45. Kg3 Kf5
46. Kxf3 Kxe5 47. Ke3 Kd5 48. Kd3 Ke5 49. b4 f5 50. c4 g5 51. Ke3 b6 52. b5
axb5 53. axb5 g4 54. hxg4 fxg4 55. Kd3 Ke6 56. Ke4 Kd6 57. Kd4 Kc7 58. Kd5 Kd7
59. Ke5 Ke7 60. Kf4 1-0

[Event "European Youth Chess Championship G18"]
[Site "Prague, Top Hotel Prague"]
[Date "2012.08.24"]
[Round "8.20"]
[White "Turkova, Karolina"]
[Black "Saffova, Michaela"]
[Result "1-0"]
[WhiteElo "2004"]
[BlackElo "1756"]
[PlyCount "83"]
[EventDate "2012.08.17"]

1. e4 e6 2. d4 d5 3. Nc3 Bb4 4. e5 c5 5. a3 cxd4 6. axb4 dxc3 7. Nf3 Qc7 8. Ra3
cxb2 9. Bxb2 Nc6 10. Qd2 Nh6 11. b5 Ne7 12. Bd3 O-O 13. O-O Bd7 14. Rc3 Qd8 15.
Ba3 f5 16. exf6 Rxf6 17. Bd6 Nf7 18. Bc7 Qe8 19. Ng5 Bxb5 20. Bxh7+ Kh8 21.
Nxf7+ Qxf7 22. Rh3 Rh6 23. Rxh6 gxh6 24. Rb1 Kxh7 25. Rxb5 b6 26. Rb3 Qg6 27.
Be5 Rc8 28. Rg3 Rxc2 29. Rxg6 Rxd2 30. Rg7+ Kh8 31. Rxe7+ Kg8 32. Kf1 a5 33.
Rb7 Rd1+ 34. Ke2 Rb1 35. Bc7 a4 36. Rxb6 Rxb6 37. Bxb6 a3 38. Bd4 Kf7 39. Kf3
Ke8 40. Kf4 Kd7 41. Ke5 a2 42. g4 1-0

[Event "European Youth Chess Championship G18"]
[Site "Prague, Top Hotel Prague"]
[Date "2012.08.24"]
[Round "8.22"]
[White "Tarmastin, Laura"]
[Black "Mabille, Natacha"]
[Result "0-1"]
[WhiteElo "1747"]
[BlackElo "1853"]
[PlyCount "50"]
[EventDate "2012.08.17"]

1. e4 e5 2. Nf3 Nc6 3. Bc4 Nf6 4. d3 Bc5 5. c3 h6 6. Bb3 O-O 7. h3 d5 8. Qe2
Be6 9. Nbd2 Bb6 10. Bc2 Re8 11. Nf1 Qd6 12. Ne3 Rad8 13. Bd2 Ne7 14. O-O Ng6
15. exd5 Bxd5 16. Nxd5 Nxd5 17. g3 e4 18. dxe4 Qxg3+ 19. Kh1 Qxh3+ 20. Nh2 Ndf4
21. Bxf4 Nxf4 22. Qf3 Qxf3+ 23. Nxf3 Nd3 24. b3 Nxf2+ 25. Kg2 Nxe4 0-1

[Event "European Youth Chess Championship G18"]
[Site "Prague, Top Hotel Prague"]
[Date "2012.08.24"]
[Round "8.23"]
[White "Grigoryan, Julieta"]
[Black "Sanal, Suna"]
[Result "0-1"]
[WhiteElo "1838"]
[BlackElo "1744"]
[PlyCount "96"]
[EventDate "2012.08.17"]

1. e4 c5 2. Nf3 e6 3. d4 cxd4 4. Nxd4 a6 5. g3 b5 6. Bg2 Bb7 7. O-O Nf6 8. Qe2
Qc7 9. c3 d6 10. a4 bxa4 11. Rxa4 Be7 12. Nd2 O-O 13. N2b3 Nbd7 14. Ra1 Rfd8
15. Na5 e5 16. Nxb7 Qxb7 17. Nf5 Bf8 18. b4 Rdc8 19. Qd3 Rc6 20. Bd2 Ne8 21.
Ne3 Nc7 22. Rfc1 Nb5 23. Nc4 Rcc8 24. Na5 Qb8 25. Nb3 Rc6 26. c4 Na7 27. Ra2
Qc8 28. Bh3 Rc7 29. Bf1 Rb8 30. Rca1 Nc6 31. b5 axb5 32. cxb5 Nd8 33. Bh3 Ne6
34. Bxe6 fxe6 35. Bb4 Nf6 36. Re1 Rc4 37. Bxd6 Rc3 38. Qd1 Bxd6 39. Qxd6 Rxb3
40. Ra7 R3xb5 41. Rc7 Qf8 42. Qxe6+ Kh8 43. Kg2 Re8 44. Qc4 Rb4 45. Qc2 h6 46.
h3 Reb8 47. Re3 Rb2 48. Qc5 Rxf2+ 0-1

[Event "European Youth Chess Championship G18"]
[Site "Prague, Top Hotel Prague"]
[Date "2012.08.24"]
[Round "8.24"]
[White "Roy, Ali"]
[Black "Meireles, Ana"]
[Result "1-0"]
[WhiteElo "1836"]
[BlackElo "1716"]
[PlyCount "69"]
[EventDate "2012.08.17"]

1. Nf3 Nf6 2. c4 g6 3. b3 Bg7 4. Bb2 O-O 5. e3 c5 6. Be2 Nc6 7. O-O d6 8. d4
cxd4 9. exd4 d5 10. Nbd2 Bf5 11. Ne5 Rc8 12. Ndf3 Ne4 13. Re1 Bh6 14. cxd5 Nb4
15. Bc4 b5 16. Bxb5 Nxd5 17. Bd3 Nec3 18. Bxc3 Bxd3 19. Qxd3 Rxc3 20. Qe4 Nb4
21. Ng4 Bg7 22. Ne3 Qc7 23. a3 Qc6 24. d5 Rxe3 25. fxe3 Nxd5 26. Rad1 e6 27.
Nd4 Qa6 28. Qc2 Rc8 29. Qf2 Qxa3 30. Rf1 Qe7 31. e4 Nb4 32. Nb5 a6 33. Nd6 Rc7
34. Qb6 Nc2 35. Qb8+ 1-0

[Event "European Youth Chess Championship G18"]
[Site "Prague, Top Hotel Prague"]
[Date "2012.08.24"]
[Round "8.27"]
[White "Bacic, Kristina"]
[Black "Sabolova, Kristyna"]
[Result "0-1"]
[WhiteElo "1801"]
[BlackElo "1889"]
[PlyCount "94"]
[EventDate "2012.08.17"]

1. d4 d5 2. Bf4 Nf6 3. e3 e6 4. c4 c6 5. Nc3 Be7 6. Rc1 O-O 7. Nf3 Nbd7 8. Bd3
b6 9. O-O Bb7 10. Ne5 c5 11. cxd5 exd5 12. Nxd7 Qxd7 13. Bb1 Rac8 14. Qf3 Rfd8
15. Be5 Qc6 16. Qh3 g6 17. Rfd1 Qe6 18. Qf3 Qg4 19. Qxg4 Nxg4 20. Bg3 Bg5 21.
Kh1 h5 22. h3 h4 23. hxg4 hxg3 24. f4 cxd4 25. Ne2 Bh4 26. Nxd4 Re8 27. Rxc8
Bxc8 28. Nc2 Bxg4 29. Rxd5 Bf5 30. Re5 Rc8 31. e4 Be6 32. b3 Rc6 33. Kg1 Rd6
34. Kf1 Rd1+ 35. Ke2 Rxb1 36. f5 gxf5 37. exf5 Bd7 38. Re4 Bxf5 39. Rxh4 Bxc2
40. Rg4+ Bg6 41. Ra4 Bh5+ 42. Ke3 Rb2 43. Rxa7 Rxg2 44. Rc7 Re2+ 45. Kf4 g2 46.
Rc1 Rf2+ 47. Kg3 Rxa2 0-1

[Event "European Youth Chess Championship G18"]
[Site "Prague, Top Hotel Prague"]
[Date "2012.08.24"]
[Round "8.29"]
[White "Yaka, Beyza"]
[Black "Kuk, Nika"]
[Result "1-0"]
[WhiteElo "1584"]
[BlackElo "1557"]
[PlyCount "73"]
[EventDate "2012.08.17"]

1. e4 e6 2. d4 d5 3. exd5 exd5 4. Bd3 Nf6 5. Nf3 Bd6 6. O-O O-O 7. Bg5 h6 8.
Bh4 Be7 9. Nbd2 Be6 10. Re1 Nbd7 11. c3 Ne8 12. Bxe7 Qxe7 13. Qc2 Nd6 14. Nf1
Qf6 15. Ne5 Rad8 16. Ng3 Kh8 17. Re3 g6 18. Rae1 Qg7 19. Nxg6+ fxg6 20. Rxe6
Nf6 21. Re7 Rf7 22. Rxf7 Qxf7 23. Bxg6 Qg7 24. Bd3 Rg8 25. f3 Qg5 26. Qc1 Qg7
27. Qd2 h5 28. Nf5 Nxf5 29. Bxf5 h4 30. Qf2 Qg5 31. Bh3 Nh5 32. Re5 Qg6 33.
Rxd5 Qf7 34. Rf5 Qg6 35. Qxh4 Kg7 36. Qxh5 Qxh5 37. Rxh5 1-0